<?xml version="1.0" encoding="UTF-8"?>
<record
    xmlns:xsi="http://www.w3.org/2001/XMLSchema-instance"
    xsi:schemaLocation="http://www.loc.gov/MARC21/slim http://www.loc.gov/standards/marcxml/schema/MARC21slim.xsd"
    xmlns="http://www.loc.gov/MARC21/slim">

  <leader>01657    a2200253   4500</leader>
  <controlfield tag="001">15871</controlfield>
  <controlfield tag="005">20260407155451.0</controlfield>
  <controlfield tag="008">260407a1977    arg                 spa d</controlfield>
  <controlfield tag="003">AR-UNSa-BCEJYS</controlfield>
  <datafield tag="040" ind1=" " ind2=" ">
    <subfield code="a">AR-UNSa-BCEJYS</subfield>
    <subfield code="b">spa</subfield>
    <subfield code="c">AR-UNSa-BCEJYS</subfield>
  </datafield>
  <datafield tag="080" ind1=" " ind2=" ">
    <subfield code="a">519.2</subfield>
    <subfield code="x">Probabilidades y estad&#xED;stica matem&#xE1;tica
</subfield>
  </datafield>
  <datafield tag="245" ind1="1" ind2="0">
    <subfield code="a">An&#xE1;lisis estad&#xED;stico</subfield>
  </datafield>
  <datafield tag="020" ind1=" " ind2=" ">
    <subfield code="a">978-968-25-0208-8</subfield>
  </datafield>
  <datafield tag="250" ind1=" " ind2=" ">
    <subfield code="a">2a. ed.</subfield>
  </datafield>
  <datafield tag="264" ind1=" " ind2="1">
    <subfield code="a">M&#xE9;xico :</subfield>
    <subfield code="b">Interamericana</subfield>
    <subfield code="c">1977</subfield>
  </datafield>
  <datafield tag="300" ind1=" " ind2=" ">
    <subfield code="a">xv, 806 p.</subfield>
    <subfield code="c">24 cm.</subfield>
  </datafield>
  <datafield tag="505" ind1=" " ind2=" ">
    <subfield code="a">1. Naturaleza y objeto de la estad&#xED;stica - 2. Organizaci&#xF3;n y presentaci&#xF3;n de datos univariables - 3. Medidas descriptivas para datos univariables - 4. Teor&#xED;a de probabilidades - 5. Variables aleatorias - 6. Modelos especiales de probabilidades - 7. Muestreo de distribuciones - 8. Teor&#xED;a cl&#xE1;sica de la estimaci&#xF3;n - 9. Teor&#xED;a cl&#xE1;sica de la prueba - 10. Distribuciones Chi Cuadrado, F  y t de Student - 11. Dise&#xF1;o experimental y an&#xE1;lisis de variancia - 12. Muestreo y modelo de muestreo - 13. Inferencia bayesiana - 14. Teor&#xED;a de las decisiones: an&#xE1;lisis anterior - 15. Teor&#xED;a de la decisi&#xF3;n: an&#xE1;lisis posterior y pre posterior - 16. Estad&#xED;stica no param&#xE9;trica - 17. An&#xE1;lisis bivariable lineal - 18. An&#xE1;lisis multivariable lineal y an&#xE1;lisis no lineal - 19. N&#xFA;meros &#xED;ndices - 20. An&#xE1;lisis de series de tiempo - 21. T&#xE9;cnicas de pronosticaci&#xF3;n - 22. Juegos, colas y simulaciones.</subfield>
  </datafield>
  <datafield tag="041" ind1=" " ind2=" ">
    <subfield code="a">spa</subfield>
  </datafield>
  <datafield tag="942" ind1=" " ind2=" ">
    <subfield code="c">BK</subfield>
  </datafield>
  <datafield tag="590" ind1=" " ind2=" ">
    <subfield code="a">niveau_biblio:m niveau_hierar:0</subfield>
  </datafield>
  <datafield tag="100" ind1="1" ind2=" ">
    <subfield code="a">Chou, Ya-Lun</subfield>
  </datafield>
  <datafield tag="700" ind1="1" ind2=" ">
    <subfield code="a">Agut Armer, Vicente</subfield>
  </datafield>
  <datafield tag="856" ind1="4" ind2="1">
    <subfield code="u">https://www.biblioeco.unsa.edu.ar/pmb/images/libros/L127493.jpg</subfield>
    <subfield code="y">Imagen de portada</subfield>
    <subfield code="q">image/jpeg</subfield>
  </datafield>
  <datafield tag="999" ind1=" " ind2=" ">
    <subfield code="c">666</subfield>
    <subfield code="d">666</subfield>
  </datafield>
  <datafield tag="952" ind1=" " ind2=" ">
    <subfield code="0">0</subfield>
    <subfield code="1">0</subfield>
    <subfield code="4">0</subfield>
    <subfield code="7">0</subfield>
    <subfield code="a">BCEJYS</subfield>
    <subfield code="b">BCEJYS</subfield>
    <subfield code="c">16</subfield>
    <subfield code="d">2026-04-07</subfield>
    <subfield code="l">0</subfield>
    <subfield code="o">519.2 C552 2ed.</subfield>
    <subfield code="p">L69865</subfield>
    <subfield code="r">2026-04-07 15:54:51</subfield>
    <subfield code="w">2026-04-07</subfield>
    <subfield code="y">L</subfield>
    <subfield code="z">CANTO MANCHADO - L&#xC1;PIZ NEGRO - &#xDA;LTIMA P&#xC1;GINA ROTA</subfield>
  </datafield>
  <datafield tag="952" ind1=" " ind2=" ">
    <subfield code="0">0</subfield>
    <subfield code="1">0</subfield>
    <subfield code="4">0</subfield>
    <subfield code="7">0</subfield>
    <subfield code="a">BCEJYS</subfield>
    <subfield code="b">BCEJYS</subfield>
    <subfield code="c">16</subfield>
    <subfield code="d">2026-04-07</subfield>
    <subfield code="l">0</subfield>
    <subfield code="o">519.2 C552 2ed.</subfield>
    <subfield code="p">L39609</subfield>
    <subfield code="r">2026-04-07 15:54:51</subfield>
    <subfield code="w">2026-04-07</subfield>
    <subfield code="y">L</subfield>
    <subfield code="z">SUBRAYADO CON L&#xC1;PIZ Y LAPICERA - MANCHADO - FOTOCOPIA DESDE P&#xC1;G 159 A 162 - CINTA EN &#xDA;LTIMA P&#xC1;GINA</subfield>
  </datafield>
  <datafield tag="952" ind1=" " ind2=" ">
    <subfield code="0">0</subfield>
    <subfield code="1">0</subfield>
    <subfield code="4">0</subfield>
    <subfield code="7">0</subfield>
    <subfield code="a">BCEJYS</subfield>
    <subfield code="b">BCEJYS</subfield>
    <subfield code="c">16</subfield>
    <subfield code="d">2026-04-07</subfield>
    <subfield code="l">0</subfield>
    <subfield code="o">519.2 C552 2ed.</subfield>
    <subfield code="p">L39185</subfield>
    <subfield code="r">2026-04-07 15:54:51</subfield>
    <subfield code="w">2026-04-07</subfield>
    <subfield code="y">L</subfield>
    <subfield code="z">CINTA INICIO A P&#xC1;G VIII - L&#xC1;PIZ - MANCHADO (SOBRE TODO P&#xC1;G 3 A 9, 354 A 357, 193 A 197)- LAPICERA ROSA Y AZUL - P&#xC1;G 61 ROTA - TAPA PEGADA CON CINTA</subfield>
  </datafield>
  <datafield tag="952" ind1=" " ind2=" ">
    <subfield code="0">0</subfield>
    <subfield code="1">0</subfield>
    <subfield code="4">0</subfield>
    <subfield code="7">0</subfield>
    <subfield code="a">BCEJYS</subfield>
    <subfield code="b">BCEJYS</subfield>
    <subfield code="c">16</subfield>
    <subfield code="d">2026-04-07</subfield>
    <subfield code="l">0</subfield>
    <subfield code="o">519.2 C552 2ed.</subfield>
    <subfield code="p">L53489</subfield>
    <subfield code="r">2026-04-07 15:54:51</subfield>
    <subfield code="w">2026-04-07</subfield>
    <subfield code="y">L</subfield>
    <subfield code="z">LAPICERA NARANJA - L&#xC1;PIZ NEGRO - P&#xC1;G 575 ROTA - CINTA EN P&#xC1;G 159,224 - PARTIDO EN P&#xC1;G 2 Y 3 - &#xDA;LTIMA P&#xC1;G UN POCO SUELTA</subfield>
  </datafield>
  <datafield tag="952" ind1=" " ind2=" ">
    <subfield code="0">0</subfield>
    <subfield code="1">0</subfield>
    <subfield code="4">0</subfield>
    <subfield code="7">0</subfield>
    <subfield code="a">BCEJYS</subfield>
    <subfield code="b">BCEJYS</subfield>
    <subfield code="c">16</subfield>
    <subfield code="d">2026-04-07</subfield>
    <subfield code="l">0</subfield>
    <subfield code="o">519.2 C552 2ed.</subfield>
    <subfield code="p">L39176</subfield>
    <subfield code="r">2026-04-07 15:54:51</subfield>
    <subfield code="w">2026-04-07</subfield>
    <subfield code="y">L</subfield>
    <subfield code="z">CINTA EN PRIMERAS P&#xC1;GINAS - P&#xC1;G 2 UN POCO ROTA (NO SE LEE TEXTO) - L&#xC1;PIZ - LAPICERA - P&#xC1;G 223 A 226 CON CINTA - P&#xC1;G 291 A 606 DOBLADAS - P&#xC1;GINAS UN POCO SUELTAS</subfield>
  </datafield>
  <datafield tag="952" ind1=" " ind2=" ">
    <subfield code="0">0</subfield>
    <subfield code="1">0</subfield>
    <subfield code="4">0</subfield>
    <subfield code="7">0</subfield>
    <subfield code="a">BCEJYS</subfield>
    <subfield code="b">BCEJYS</subfield>
    <subfield code="c">16</subfield>
    <subfield code="d">2026-04-07</subfield>
    <subfield code="l">0</subfield>
    <subfield code="o">519.2 C552 2ed.</subfield>
    <subfield code="p">L39618</subfield>
    <subfield code="r">2026-04-07 15:54:51</subfield>
    <subfield code="w">2026-04-07</subfield>
    <subfield code="y">L</subfield>
    <subfield code="z">L&#xC1;PIZ - P&#xC1;G 75 ROTA - H&#xDA;MEDO - RESALTADOR NARANJA (EN INDICE, 234 A 252, 268, 276, 277, 287, 294,321, 323, 408, 478, 494) - CANTO MANCHADO - MANCHADO</subfield>
  </datafield>
  <datafield tag="952" ind1=" " ind2=" ">
    <subfield code="0">0</subfield>
    <subfield code="1">0</subfield>
    <subfield code="4">0</subfield>
    <subfield code="7">0</subfield>
    <subfield code="a">BCEJYS</subfield>
    <subfield code="b">BCEJYS</subfield>
    <subfield code="c">16</subfield>
    <subfield code="d">2026-04-07</subfield>
    <subfield code="l">0</subfield>
    <subfield code="o">519.2 C552 2ed.</subfield>
    <subfield code="p">L39616</subfield>
    <subfield code="r">2026-04-07 15:54:51</subfield>
    <subfield code="w">2026-04-07</subfield>
    <subfield code="y">L</subfield>
    <subfield code="z">P&#xC1;G 191 SUELTA - L&#xC1;PIZ - PARTIDO EN P&#xC1;G 30 - LAPICERA - P&#xC1;G INICIAL A P&#xC1;G 7 CON CINTA - MANCHADO - L&#xC1;PIZ ROJO EN P&#xC1;G 202 A 203 - CANTO MANCHADO</subfield>
  </datafield>
  <datafield tag="952" ind1=" " ind2=" ">
    <subfield code="0">0</subfield>
    <subfield code="1">0</subfield>
    <subfield code="4">0</subfield>
    <subfield code="7">0</subfield>
    <subfield code="a">BCEJYS</subfield>
    <subfield code="b">BCEJYS</subfield>
    <subfield code="c">16</subfield>
    <subfield code="d">2026-04-07</subfield>
    <subfield code="l">0</subfield>
    <subfield code="o">519.2 C552 2ed.</subfield>
    <subfield code="p">L39607</subfield>
    <subfield code="r">2026-04-07 15:54:51</subfield>
    <subfield code="w">2026-04-07</subfield>
    <subfield code="y">L</subfield>
    <subfield code="z">L&#xC1;PIZ - H&#xDA;MEDO - CINTA EN PRIMERAS Y &#xDA;LTIMAS P&#xC1;GINAS - LAPICERA - MANCHADO - P&#xC1;G 73 CON LAPICERA ROJA</subfield>
  </datafield>
  <datafield tag="952" ind1=" " ind2=" ">
    <subfield code="0">0</subfield>
    <subfield code="1">0</subfield>
    <subfield code="4">0</subfield>
    <subfield code="7">0</subfield>
    <subfield code="a">BCEJYS</subfield>
    <subfield code="b">BCEJYS</subfield>
    <subfield code="c">16</subfield>
    <subfield code="d">2026-04-07</subfield>
    <subfield code="l">0</subfield>
    <subfield code="o">519.2 C552 2ed.</subfield>
    <subfield code="p">L39619</subfield>
    <subfield code="r">2026-04-07 15:54:51</subfield>
    <subfield code="w">2026-04-07</subfield>
    <subfield code="y">L</subfield>
    <subfield code="z">PRIMERAS P&#xC1;GINAS SUELTAS - L&#xC1;PIZ - LAPICERA - 1&#xB0; P&#xC1;G ROTA - MANCHADO - PARTIDO EN &#xDA;LTIMA P&#xC1;GINA</subfield>
  </datafield>
  <datafield tag="952" ind1=" " ind2=" ">
    <subfield code="0">0</subfield>
    <subfield code="1">0</subfield>
    <subfield code="4">0</subfield>
    <subfield code="7">0</subfield>
    <subfield code="a">BCEJYS</subfield>
    <subfield code="b">BCEJYS</subfield>
    <subfield code="c">16</subfield>
    <subfield code="d">2026-04-07</subfield>
    <subfield code="l">0</subfield>
    <subfield code="o">519.2 C552 2ed.</subfield>
    <subfield code="p">L69588</subfield>
    <subfield code="r">2026-04-07 15:54:51</subfield>
    <subfield code="w">2026-04-07</subfield>
    <subfield code="y">L</subfield>
    <subfield code="z">L&#xC1;PIZ LEVE - PRIMERAS 2 P&#xC1;GINAS REPARADAS - LAPICERA P&#xC1;G 138 Y 139, 3 A 7, 805 - &#xDA;LTIMA P&#xC1;GINA ROTA - HASTA P&#xC1;GINA 3 Y &#xDA;LTIMAS 2 P&#xC1;GINAS CON CINTA</subfield>
  </datafield>
  <datafield tag="952" ind1=" " ind2=" ">
    <subfield code="0">0</subfield>
    <subfield code="1">0</subfield>
    <subfield code="4">0</subfield>
    <subfield code="7">0</subfield>
    <subfield code="a">BCEJYS</subfield>
    <subfield code="b">BCEJYS</subfield>
    <subfield code="c">16</subfield>
    <subfield code="d">2026-04-07</subfield>
    <subfield code="l">0</subfield>
    <subfield code="o">519.2 C552 2ed.</subfield>
    <subfield code="p">L39610</subfield>
    <subfield code="r">2026-04-07 15:54:51</subfield>
    <subfield code="w">2026-04-07</subfield>
    <subfield code="y">L</subfield>
    <subfield code="z">L&#xC1;PIZ - MANCHADO - LAPICERA - CINTA EN DOS PRIMERAS P&#xC1;GINAS - H&#xDA;MEDO</subfield>
  </datafield>
  <datafield tag="952" ind1=" " ind2=" ">
    <subfield code="0">0</subfield>
    <subfield code="1">0</subfield>
    <subfield code="4">0</subfield>
    <subfield code="7">0</subfield>
    <subfield code="a">BCEJYS</subfield>
    <subfield code="b">BCEJYS</subfield>
    <subfield code="c">16</subfield>
    <subfield code="d">2026-04-07</subfield>
    <subfield code="l">0</subfield>
    <subfield code="o">519.2 C552 2ed.</subfield>
    <subfield code="p">L39622</subfield>
    <subfield code="r">2026-04-07 15:54:51</subfield>
    <subfield code="w">2026-04-07</subfield>
    <subfield code="y">L</subfield>
    <subfield code="z">L&#xC1;PIZ NEGRO - TAPA PEGADA CON CINTA A CONTENIDO DE LIBRO - L&#xC1;PIZ ROJO EN P&#xC1;G 59 Y EN INDICE - LAPICERA - L&#xC1;PIZ  CELESTE EN P&#xC1;G 43 - CANTO MANCHADO - UN POCO H&#xDA;MEDO</subfield>
  </datafield>
  <datafield tag="952" ind1=" " ind2=" ">
    <subfield code="0">0</subfield>
    <subfield code="1">0</subfield>
    <subfield code="4">0</subfield>
    <subfield code="7">0</subfield>
    <subfield code="a">BCEJYS</subfield>
    <subfield code="b">BCEJYS</subfield>
    <subfield code="c">16</subfield>
    <subfield code="d">2026-04-07</subfield>
    <subfield code="l">0</subfield>
    <subfield code="o">519.2 C552 2ed.</subfield>
    <subfield code="p">L39606</subfield>
    <subfield code="r">2026-04-07 15:54:51</subfield>
    <subfield code="w">2026-04-07</subfield>
    <subfield code="y">L</subfield>
    <subfield code="z">H&#xDA;MEDO - HOJAS PEGADAS CON CINTA (DESDE INICIO A P&#xC1;G 5, 28 A 35, 42 A 51, 81 A 85, 802 A FINAL) - L&#xC1;PIZ - CORRECTOR - MANCHADO - LAPICERA P&#xC1;G 348 A 355</subfield>
  </datafield>
  <datafield tag="952" ind1=" " ind2=" ">
    <subfield code="0">0</subfield>
    <subfield code="1">0</subfield>
    <subfield code="4">0</subfield>
    <subfield code="7">0</subfield>
    <subfield code="a">BCEJYS</subfield>
    <subfield code="b">BCEJYS</subfield>
    <subfield code="c">16</subfield>
    <subfield code="d">2026-04-07</subfield>
    <subfield code="l">0</subfield>
    <subfield code="o">519.2 C552 2ed.</subfield>
    <subfield code="p">L39621</subfield>
    <subfield code="r">2026-04-07 15:54:51</subfield>
    <subfield code="w">2026-04-07</subfield>
    <subfield code="y">L</subfield>
    <subfield code="z">L&#xC1;PIZ - LAPICERA NARANJA, AZUL, VERDE Y ROJA - MANCHADO - P&#xC1;G 15 A 18 SUELTAS - CINTA EN &#xDA;LTIMA P&#xC1;GINA, P&#xC1;G 51</subfield>
  </datafield>
  <datafield tag="952" ind1=" " ind2=" ">
    <subfield code="0">0</subfield>
    <subfield code="1">0</subfield>
    <subfield code="4">0</subfield>
    <subfield code="7">0</subfield>
    <subfield code="a">BCEJYS</subfield>
    <subfield code="b">BCEJYS</subfield>
    <subfield code="c">16</subfield>
    <subfield code="d">2026-04-07</subfield>
    <subfield code="l">0</subfield>
    <subfield code="o">519.2 C552 2ed.</subfield>
    <subfield code="p">L39180</subfield>
    <subfield code="r">2026-04-07 15:54:51</subfield>
    <subfield code="w">2026-04-07</subfield>
    <subfield code="y">L</subfield>
    <subfield code="z">HOJA DE INDICE SUELTA - L&#xC1;PIZ - LAPICERA - CINTA EN P&#xC1;G 407,69 - MANCHADO</subfield>
  </datafield>
  <datafield tag="952" ind1=" " ind2=" ">
    <subfield code="0">0</subfield>
    <subfield code="1">0</subfield>
    <subfield code="4">0</subfield>
    <subfield code="7">0</subfield>
    <subfield code="a">BCEJYS</subfield>
    <subfield code="b">BCEJYS</subfield>
    <subfield code="c">16</subfield>
    <subfield code="d">2026-04-07</subfield>
    <subfield code="l">0</subfield>
    <subfield code="o">519.2 C552 2ed.</subfield>
    <subfield code="p">L39623</subfield>
    <subfield code="r">2026-04-07 15:54:51</subfield>
    <subfield code="w">2026-04-07</subfield>
    <subfield code="y">L</subfield>
    <subfield code="z">&#xDA;LTIMA HOJA ROTA - LAPICES DE COLORES: AMARILLO, NARANJA, FUCSIA, CELESTE - RESALTADOR P&#xC1;G 151 A 163, 188 A 189, 214 A 219 - LAPICERA - HASTA P&#xC1;G 7 CON CINTA Y &#xDA;LTIMAS 3 P&#xC1;GINAS</subfield>
  </datafield>
  <datafield tag="952" ind1=" " ind2=" ">
    <subfield code="0">0</subfield>
    <subfield code="1">0</subfield>
    <subfield code="4">0</subfield>
    <subfield code="7">0</subfield>
    <subfield code="a">BCEJYS</subfield>
    <subfield code="b">BCEJYS</subfield>
    <subfield code="c">16</subfield>
    <subfield code="d">2026-04-07</subfield>
    <subfield code="l">0</subfield>
    <subfield code="o">519.2 C552 2ed.</subfield>
    <subfield code="p">L39612</subfield>
    <subfield code="r">2026-04-07 15:54:51</subfield>
    <subfield code="w">2026-04-07</subfield>
    <subfield code="y">L</subfield>
    <subfield code="z">FOTOCOPIA P&#xC1;G 175 A 178 - L&#xC1;PIZ - LAPICERA - P&#xC1;G 161 ROTA - P&#xC1;G 105 ROTA - DE INICIO A P&#xC1;G XV Y 767 REPARADAS - MANCHADO - CINTA EN P&#xC1;G 806 A 808</subfield>
  </datafield>
  <datafield tag="952" ind1=" " ind2=" ">
    <subfield code="0">0</subfield>
    <subfield code="1">0</subfield>
    <subfield code="4">0</subfield>
    <subfield code="7">0</subfield>
    <subfield code="a">BCEJYS</subfield>
    <subfield code="b">BCEJYS</subfield>
    <subfield code="c">16</subfield>
    <subfield code="d">2026-04-07</subfield>
    <subfield code="l">0</subfield>
    <subfield code="o">519.2 C552 2ed.</subfield>
    <subfield code="p">L39617</subfield>
    <subfield code="r">2026-04-07 15:54:51</subfield>
    <subfield code="w">2026-04-07</subfield>
    <subfield code="y">L</subfield>
    <subfield code="z">L&#xC1;PIZ - H&#xDA;MEDO - DE INICIO A P&#xC1;G 3 CON CINTA - P&#xC1;GINA 29, 79 A 82 Y 175 A 178 SUELTAS - MANCHADO</subfield>
  </datafield>
  <datafield tag="952" ind1=" " ind2=" ">
    <subfield code="0">0</subfield>
    <subfield code="1">0</subfield>
    <subfield code="4">0</subfield>
    <subfield code="7">0</subfield>
    <subfield code="a">BCEJYS</subfield>
    <subfield code="b">BCEJYS</subfield>
    <subfield code="c">16</subfield>
    <subfield code="d">2026-04-07</subfield>
    <subfield code="l">0</subfield>
    <subfield code="o">519.2 C552 2ed.</subfield>
    <subfield code="p">L39179</subfield>
    <subfield code="r">2026-04-07 15:54:51</subfield>
    <subfield code="w">2026-04-07</subfield>
    <subfield code="y">L</subfield>
    <subfield code="z">LIBRO ARRUINADO EN GENERAL CON MANCHAS QUEMADO EN LAS PUNTAS HOJAS DA&#xD1;ADAS (PRIMERAS P&#xC1;GINAS Y &#xDA;LTIMAS MUY ROTAS ) - L&#xC1;PIZ - LAPICERA - MANCHADO</subfield>
  </datafield>
  <datafield tag="952" ind1=" " ind2=" ">
    <subfield code="0">0</subfield>
    <subfield code="1">0</subfield>
    <subfield code="4">0</subfield>
    <subfield code="7">0</subfield>
    <subfield code="a">BCEJYS</subfield>
    <subfield code="b">BCEJYS</subfield>
    <subfield code="c">16</subfield>
    <subfield code="d">2026-04-07</subfield>
    <subfield code="l">0</subfield>
    <subfield code="o">519.2 C552 2ed.</subfield>
    <subfield code="p">L39178</subfield>
    <subfield code="r">2026-04-07 15:54:51</subfield>
    <subfield code="w">2026-04-07</subfield>
    <subfield code="y">L</subfield>
    <subfield code="z">SUBRAYADO Y ESCRITO - H&#xDA;MEDO - MANCHADO - HOJAS DA&#xD1;ADAS (EN PRIMERAS P&#xC1;GINAS CON CINTA Y NO SE LEE TEXTO) - P&#xC1;G 35 A 120 Y 187 A 274 DOBLADAS - P&#xC1;GINAS 175 A 178 SUELTAS - CANTO MANCHADO</subfield>
  </datafield>
  <datafield tag="952" ind1=" " ind2=" ">
    <subfield code="0">0</subfield>
    <subfield code="1">0</subfield>
    <subfield code="4">0</subfield>
    <subfield code="7">0</subfield>
    <subfield code="a">BCEJYS</subfield>
    <subfield code="b">BCEJYS</subfield>
    <subfield code="c">16</subfield>
    <subfield code="d">2026-04-07</subfield>
    <subfield code="l">0</subfield>
    <subfield code="o">519.2 C552 2ed.</subfield>
    <subfield code="p">L39181</subfield>
    <subfield code="r">2026-04-07 15:54:51</subfield>
    <subfield code="w">2026-04-07</subfield>
    <subfield code="y">L</subfield>
    <subfield code="z">MANCHADO - L&#xC1;PIZ LEVE - HOJAS PEGADAS CON CINTA (PRIMERAS Y &#xDA;LTIMA) - H&#xDA;MEDO</subfield>
  </datafield>
  <datafield tag="952" ind1=" " ind2=" ">
    <subfield code="0">0</subfield>
    <subfield code="1">0</subfield>
    <subfield code="4">0</subfield>
    <subfield code="7">0</subfield>
    <subfield code="a">BCEJYS</subfield>
    <subfield code="b">BCEJYS</subfield>
    <subfield code="c">16</subfield>
    <subfield code="d">2026-04-07</subfield>
    <subfield code="l">0</subfield>
    <subfield code="o">519.2 C552 2ed.</subfield>
    <subfield code="p">L53492</subfield>
    <subfield code="r">2026-04-07 15:54:51</subfield>
    <subfield code="w">2026-04-07</subfield>
    <subfield code="y">L</subfield>
    <subfield code="z">FOTOCOPIA EN P&#xC1;GINAS 5 A 28 - RESALTADOR ROSADO P&#xC1;G 592 Y 594 - MANCHADO - SUBRAYADO - CINTA EN PRIMERAS Y &#xDA;LTIMAS P&#xC1;GINAS</subfield>
  </datafield>
  <datafield tag="952" ind1=" " ind2=" ">
    <subfield code="0">0</subfield>
    <subfield code="1">0</subfield>
    <subfield code="4">0</subfield>
    <subfield code="7">0</subfield>
    <subfield code="a">BCEJYS</subfield>
    <subfield code="b">BCEJYS</subfield>
    <subfield code="c">16</subfield>
    <subfield code="d">2026-04-07</subfield>
    <subfield code="l">0</subfield>
    <subfield code="o">519.2 C552 2ed.</subfield>
    <subfield code="p">L39183</subfield>
    <subfield code="r">2026-04-07 15:54:51</subfield>
    <subfield code="w">2026-04-07</subfield>
    <subfield code="y">L</subfield>
    <subfield code="z">FOTOCOPIA P&#xC1;G 5 - L&#xC1;PIZ - P&#xC1;G INDICE PEGADA CON CINTA Y P&#xC1;G 1, 3, 33 - RESALTADOR P&#xC1;G 9 Y 10 - P&#xC1;G 31 ROTA EN PARTE INFERIOR (NO SE LEE TEXTO) - MANCHAS (SOBRE TODO P&#xC1;G 43 A 52, 158 A 160, 349 A 351)</subfield>
  </datafield>
  <datafield tag="952" ind1=" " ind2=" ">
    <subfield code="0">0</subfield>
    <subfield code="1">0</subfield>
    <subfield code="4">0</subfield>
    <subfield code="7">0</subfield>
    <subfield code="a">BCEJYS</subfield>
    <subfield code="b">BCEJYS</subfield>
    <subfield code="c">16</subfield>
    <subfield code="d">2026-04-07</subfield>
    <subfield code="l">0</subfield>
    <subfield code="o">519.2 C552 2ed.</subfield>
    <subfield code="p">L53490</subfield>
    <subfield code="r">2026-04-07 15:54:51</subfield>
    <subfield code="w">2026-04-07</subfield>
    <subfield code="y">L</subfield>
    <subfield code="z">FOTOCOPIA EN P&#xC1;G 15 A 17 - CORRECTOR P&#xC1;GINA 9 - P&#xC1;G 777 ROTA - LAPICERA P&#xC1;G 91 - SUBRAYADO CON L&#xC1;PIZ</subfield>
  </datafield>
  <datafield tag="952" ind1=" " ind2=" ">
    <subfield code="0">0</subfield>
    <subfield code="1">0</subfield>
    <subfield code="4">0</subfield>
    <subfield code="7">0</subfield>
    <subfield code="a">BCEJYS</subfield>
    <subfield code="b">BCEJYS</subfield>
    <subfield code="c">16</subfield>
    <subfield code="d">2026-04-07</subfield>
    <subfield code="l">0</subfield>
    <subfield code="o">519.2 C552 2ed.</subfield>
    <subfield code="p">L39614</subfield>
    <subfield code="r">2026-04-07 15:54:51</subfield>
    <subfield code="w">2026-04-07</subfield>
    <subfield code="y">L</subfield>
    <subfield code="z">PRIMERAS 2 P&#xC1;GINAS CON GARABATO DE LAPICERA AZUL - L&#xC1;PIZ NEGRO - LAPICERA AZUL - RESALTADOR VERDE Y FUCSIA - L&#xC1;PIZ ROJO Y AMARILLO - &#xDA;LTIMAS Y PRIMERAS P&#xC1;GINAS CON CINTA - MANCHADO - CANTO MANCHADO</subfield>
  </datafield>
  <datafield tag="952" ind1=" " ind2=" ">
    <subfield code="0">0</subfield>
    <subfield code="1">0</subfield>
    <subfield code="4">0</subfield>
    <subfield code="7">0</subfield>
    <subfield code="a">BCEJYS</subfield>
    <subfield code="b">BCEJYS</subfield>
    <subfield code="c">16</subfield>
    <subfield code="d">2026-04-07</subfield>
    <subfield code="l">0</subfield>
    <subfield code="o">519.2 C552 2ed.</subfield>
    <subfield code="p">L127493</subfield>
    <subfield code="r">2026-04-07 15:54:51</subfield>
    <subfield code="w">2026-04-07</subfield>
    <subfield code="y">L</subfield>
    <subfield code="z">SUBRAYADO CON L&#xC1;PIZ - P&#xC1;GINAS 672 A 706 DOBLADAS EN ESQUINA SUPERIOR</subfield>
  </datafield>
</record>
